MDQL
is popping MORE tags! Check the
thread
!
Quizzes
Events
Quiz Creation
Community
Videos
Private Events
Remove Ads
Sign In
Join for FREE
Feedback
Dark Mode
Quiz Categories
Sports
Geography
Music
Movies
Television
Just For Fun
Miscellaneous
History
Literature
Language
Science
Gaming
Entertainment
Religion
Holiday
For Kids
Quiz Lab
Recent
Popular Today
Quiz Kudos Today
Editor Picks
Curator Picks
Quizzes by...
Day
Popularity
Type
Ratings
Length
Year
Community
Subscriptions
Recent Discussions
Orange Saloon
Badges
Playlists
Quests
Create
Leaderboards
Showdown
Live 5
Trivia Bingo
Activity
Puzzle Library
Sporcle Events
Private Events
Virtual Trivia
Globe League
Become a Host
Pub Owners
SporcleCon
Opinionation
Our Games
Videos
Blog
Mobile Apps
Partnerships
Remove Ads and Go Orange
Feedback
Geography
Country
Landmarks
City
State
Population
World
Capital
Continent
Flags
Europe
Africa
Asia
South America
North America
Oceania
Border
Canada
United Kingdom
Topography
United States
Geography
Country
Landmarks
City
State
Population
World
Capital
Continent
Flags
Europe
Africa
Asia
South America
North America
Oceania
Border
Canada
United Kingdom
Topography
United States
Random Quiz
Search Sporcle
×
Quiz Lab
Quiz Lab
Geography
United States
Type in answers that appear in a list
Type in answers that appear in a list
Classic
Best Score? Go Orange.
Capitals by State Stats
Can you name the Capitals by Their State
By
At0micSplash
20m
50 Questions
52 Plays
52 Plays
52 Plays
Comments
Comments
Give Quiz Kudos
Give Quiz Kudos
-
- Ratings
hide this ad
More Info
Forced Order
Answers have to be entered in order
Answers have to be entered in order
Random Order
Randomize order of answers
Randomize order of answers
Replay
Link that replays current quiz
Next Quiz
Link to next quiz in quiz playlist
You Got
0%
They Got
Avg Score
91%
Avg Friend Score
Upgrade to see
Score Distribution
Jump to the score distribution portion of the page
Score
0/50
Timer
20:00
0
Plays Today
State
Capital
% Correct
Arizona
Phoenix
96.2%
Delaware
Dover
96.2%
Utah
Salt Lake City
96.2%
Arkansas
Little Rock
94.2%
Hawaii
Honolulu
94.2%
Kansas
Topeka
94.2%
Massachusetts
Boston
94.2%
Montana
Helena
94.2%
North Dakota
Bismarck
94.2%
Rhode Island
Providence
94.2%
Alabama
Montgomery
92.3%
Alaska
Juneau
92.3%
California
Sacramento
92.3%
Colorado
Denver
92.3%
Connecticut
Hartford
92.3%
Florida
Tallahassee
92.3%
Illinois
Springfield
92.3%
Indiana
Indianapolis
92.3%
Nevada
Carson City
92.3%
New Jersey
Trenton
92.3%
New Mexico
Santa Fe
92.3%
New York
Albany
92.3%
Oklahoma
Oklahoma City
92.3%
Oregon
Salem
92.3%
Tennessee
Nashville
92.3%
State
Capital
% Correct
Texas
Austin
92.3%
Washington
Olympia
92.3%
West Virginia
Charleston
92.3%
Wyoming
Cheyenne
92.3%
Idaho
Boise
90.4%
Louisiana
Baton Rouge
90.4%
Maryland
Annapolis
90.4%
Missouri
Jefferson City
90.4%
Ohio
Columbus
90.4%
South Dakota
Pierre
90.4%
Georgia
Atlanta
88.5%
Iowa
Des Moines
88.5%
Kentucky
Frankfort
88.5%
Maine
Augusta
88.5%
Mississippi
Jackson
88.5%
Nebraska
Lincoln
88.5%
South Carolina
Columbia
88.5%
Vermont
Montpelier
88.5%
Virginia
Richmond
88.5%
Wisconsin
Madison
88.5%
Michigan
Lansing
86.5%
North Carolina
Raleigh
86.5%
Minnesota
St. Paul
84.6%
Pennsylvania
Harrisburg
84.6%
New Hampshire
Concord
82.7%
Quiz Playlist
Details
Report
Send in Message
Add To Playlist
More Info:
guess the capital when given the state
Classic:
Type in answers that appear in a list
Forced Order:
Answers have to be entered in order
Random Order:
Randomize order of answers
Quiz Source
Last Updated: Feb 16, 2017
Quiz Scoreboard
CHALLENGE
Sign Up to Join the Scoreboard
Show All
Scores
Hide
Comments
May contain spoilers
Recently Published
1-10 Letter E Words III
by El_Dandy
Language
2m
Street Fighter Characters
by Artimus82
Gaming
60s
College Basketball Coaching Resumes
by pancakes188
Sports
9m
More to Explore
Quiz From the Vault
Featured Blog Post
Where Did the Easter Bunny Come From?
hide this ad
You Might Also Like...
Tags
Capital Quiz
State Quiz
United States Quiz
Today's Top Quizzes in Geography
Browse Geography
hide this ad
Today's Top Quizzes in United States
Browse United States
Top Contributed Quizzes in Geography
1
Countries of the World - No Outlines Minefield
2
Top 25 Cities of France on a map
3
Any capital of a 'B' country per Continent
4
Any capital of a 'C' country per Continent
5
Closest Countries to UK A-Z
6
Any capital of a 'D' country per Continent
7
5-to-1: US Geography No Hints
8
Any capital of an 'E' country per Continent
9
Find the US States - No Outlines
10
Any capital of an 'F' country per Continent
Explore More
Trending Topics
NBA
Anime
Harry Potter
Crossword
Marvel
Disney
Kpop
Song
Country
Pokémon
The Office
NFL
WWE
Puzzle
Soccer
hide this ad
More By:
At0micSplash
Quiz
Plays
Rating
Category
Featured
Created
Capitals by State
52
3.00
Geography
Dec 18, 2013
Go to Creator's Profile
Score Distribution
Quiz Creator Spotlight
At0micSplash
Follow
Send a Message
Quizzes Created
-
Created Quiz Play Count
-
More By This Creator
Popular Quizzes Today
1
Find the US States - No Outlines Minefield
2
Find the Countries of Europe - No Outlines Minefield
3
The Countries of the World
4
Find the US States
5
Risky Map Clicking: Biggest States A-Z
6
US States
7
Popular People in 1961
8
Movies - When Are They Set?
More Geography Quizzes
Cocoa Producing Countries
Editor's Pick
Trending Quizzes
Risky Map Clicking: Least Populous States A-Z
1-10 Letter G Words
1-10 Letter F Words
Countries of the World: 200 Million BC
Risky Map Clicking: Next State Alphabetically
Recently Updated
Most Oscar Losses (Acting)
pecheneg
Beyoncé Albums
pecheneg
Leaping Animals
pecheneg
Reality TV Shows (A-Z)
bhenderson79
Rickey Henderson's Hall of Fame Teammates
pecheneg
Champions League XIs: Arsenal
pecheneg
Quick Pick: Celebrities in WWE's Hall of Fame
aduchscher
A-Z Keypad Blitz II
pecheneg
Multiple Oscar Actors
pecheneg
Mystery Phrase Blitz: Oscar 'Best Actors'
pecheneg
Trending Topics
Anime
NBA
Harry Potter
Disney
Crossword
Marvel
Kpop
NFL
WWE
The Office
Pokémon
Song
Puzzle
Soccer
Country
Your Account Isn't Verified!
In order to create a playlist on Sporcle, you need to verify the email address you used during registration. Go to your
Sporcle Settings
to finish the process.
Report this User
Report this user for behavior that violates our
Community Guidelines
.
Details:
Send Report
Go to the Sporcle.com Mobile Site →
Comments